| 000 | 01278cam a22002054a 4500 | ||
|---|---|---|---|
| 005 | 20250605164002.0 | ||
| 008 | 250528s ||||||||||||||||||||||||d | ||
| 035 | _a15672 | ||
| 020 | _a201567075 | ||
| 040 |
_aGR-AtMCL _bgre _dGR-AtMCL _eAACR2 |
||
| 245 | 1 | _aInternational Investments / Third Edition | |
| 250 | _a3rd | ||
| 260 |
_bΕκδόσεις Ευγ. Μπένου, _c1996 |
||
| 300 | _a638 | ||
| 520 | _aThe International Monetary Environment, Foreign Exchange Parity Relations, Foreign Exchange Determination and Forecasting, International Investing and Market Equilibrium, The Case for International Diversification, International Asset Pricing: Theory and Tests, Stock Market Investment, Equity: Markets and Instruments, Equity: Concepts and Techniques, Emerging Stock Markets, Fixed-Income Investment, Bonds: Markets and Instruments, Bonds: Concepts and Techniques, Future and Options and Others, Futures, Options, Currency Risk Management, Commodities and Real Estate and Alternative Investments, Strategy and Organization and Control, International Performance Analysis, Structuring the International Investment Process, Answers to Selected Problems, Glossary, Index. | ||
| 700 | 1 |
_aSolnik Bruno _91636 |
|
| 942 | _cBK | ||
| 999 |
_c1235 _d1235 |
||